Straight Up Trivia #7: Highest Grossing Disney Films - Statistics

General Stats
  • This quiz has been taken 35 times
  • The average score is 5 of 10
Answer Stats
Hint Answer % Correct
The Lion King (live action version) was inspired by Hamlet. What character in The Lion King plays a similar role as Claudius in Hamlet? Scar
86%
Frozen features the song Let It Go, which was the first song from a Disney musical to reach the top 10 of the Billboard Hot 100 since "Colors of the Wind" from what movie? Pocahontas
83%
Inside Out 2 adds four new emotions to the original, including what emotion that means boredom but shares an etymological root with annoy. Ennui
72%
Pirates of the Caribbean: Dead Man's Chest is about a pirate. What Welsh pirate and later Lieutenant Governor of Jamaica is the namesake of a rum produced in the U.S. Virgin Islands? Captain Henry Morgan
48%
In Beauty and the Beast (live action version), Mrs. Potts was played by Emma Thompson. Who played Mrs. Potts in the original animated version? She is probably more famous for solving a murder weekly for 12 seasons. Angela Lansbury
38%
Toy Story 3 won the Oscar for Best Original Song, not for "You've Got a Friend in Me" but for "We Belong Together". Both were written and performed by what performer? Randy Newman
34%
The Incredibles 2 is a sequel to The Incredibles, which is not on the list of highest grossing Disney films! Only two sequels have won the Oscar for Best Picture. One is Lord of the Rings: The Return of the King. What is the other? Godfather Part II
31%
Toy Story 4 includes a character voiced by Don Rickles that is a real world toy. What is that toy, the first toy ever advertised on television? Mr. Potato Head
31%
Frozen 2 stars Jonathan Groff as Kristoff. Groff was nominated for a Tony Award for playing what character in the musical Hamilton, most famous for the song "You'll Be Back"? Groff was one of the few White actors in the original cast. King George III
21%
Moana 2 is set in Hawaii. What is the word for mountain in Hawaiian? Mauna
21%
No matching quizzes found
Score Distribution
Percent of People with Each Score
Percentile by Number Answered
Your Score History
You have not taken this quiz